<?xml version="1.0" encoding="UTF-8"?>
<marc:record xmlns:marc="http://www.loc.gov/MARC21/slim">
   <marc:leader>00000nam a2200000 a 4500</marc:leader>
   <marc:datafield ind1="1" ind2=" " tag="100">
      <marc:subfield code="a">Fitzek, Sebastian</marc:subfield>
      <marc:subfield code="4">aut</marc:subfield>
      <marc:subfield code="e">Verfasser/-in</marc:subfield>
   </marc:datafield>
   <marc:datafield ind1="1" ind2=" " tag="100">
      <marc:subfield code="a">Jäger, Simon</marc:subfield>
   </marc:datafield>
   <marc:datafield ind1="0" ind2="0" tag="245">
      <marc:subfield code="a">Schreib oder stirb</marc:subfield>
   </marc:datafield>
   <marc:datafield ind1="0" ind2="0" tag="245">
      <marc:subfield code="b">Thriller</marc:subfield>
   </marc:datafield>
   <marc:datafield ind1="0" ind2="0" tag="245">
      <marc:subfield code="c">Sebastian Fitzek</marc:subfield>
   </marc:datafield>
   <marc:datafield ind1=" " ind2="1" tag="264">
      <marc:subfield code="a">Berlin</marc:subfield>
      <marc:subfield code="b">Argon</marc:subfield>
      <marc:subfield code="c">2022</marc:subfield>
   </marc:datafield>
   <marc:datafield ind1="1" ind2=" " tag="520">
      <marc:subfield code="a">Angaben aus der Verlagsmeldung

Schreib oder stirb Fitzek, Schreib oder stirb / von Sebastian Fitzek, Micky Beisenherz

Wer nicht schreiben will, muss sterben – Fitzek-Thrill trifft Beisenherz-Humor

Carl Vorlau, mysteriöser Patient einer psychiatrischen Klinik, behauptet, die siebenjährige Pia entführt und an einen geheimen Ort verschleppt zu haben. Über seine Tat will der Patient nur mit einem einzigen Menschen reden – dem Literaturagenten David Dolla, dem Vorlau ein diabolisches Angebot macht: Für einen Thriller über das Schicksal der kleinen Pia soll Dolla ihm einen Verlagsvorschuss von einer Million Euro verschaffen! Gelingt das, wird Dolla zu einem Helden, der das Mädchen vor dem sicheren Tod rettet. Sollte Dolla den Auftrag jedoch ablehnen, will Vorlau nicht nur Pia sterben lassen, sondern auch das Leben des Agenten zerstören …

</marc:subfield>
   </marc:datafield>
   <marc:datafield ind1=" " ind2=" " tag="020">
      <marc:subfield code="a">9783839818961</marc:subfield>
      <marc:subfield code="9">9783839818961</marc:subfield>
   </marc:datafield>
   <marc:datafield ind1=" " ind2=" " tag="041">
      <marc:subfield code="a">ger</marc:subfield>
   </marc:datafield>
   <marc:datafield ind1=" " ind2=" " tag="300">
      <marc:subfield code="a">1 CD</marc:subfield>
   </marc:datafield>
</marc:record>
